01447nam a22003374a 4500001001200000003000800012006001900020007001500039008004100054010001700095020002700112040002100139035002100160050002500181082002000206245025900226260005500485300001600540504006400556533015200620650003600772650002700808650001700835655002900852700002300881700002500904700002000929710001700949856012600966999001701092ebr10040969CaPaEBRm u cr cn|||||||||990726s2000 dcu sb 001 0 eng c z 99040812  z0309065321 (hardcover) aCaPaEBRcCaPaEBR a(OCoLC)48871996014aRD539.8b.S24 2000eb04a618.1/9059222100aSafety of silicone breast implantsh[electronic resource] /cStuart Bondurant, Virginia Ernster, and Roger Herdman, editors ; Committee on the Safety of Silicone Breast Implants, Division of Health Promotion and Disease Prevention, Institute of Medicine. aWashington, D.C. :bInstitute of Medicine,cc2000. axvi, 540 p. aIncludes bibliographical references (p. 285-479) and index. aElectronic reproduction.bPalo Alto, Calif. :cebrary,d2013.nAvailable via World Wide Web.nAccess may be limited to ebrary affiliated libraries. 0aBreast implantsxComplications. 0aSiliconesxToxicology. 0aMammaplasty. 7aElectronic books.2local1 aBondurant, Stuart.1 aErnster, Virginia L.1 aHerdman, Roger.2 aebrary, Inc.40uhttp://site.ebrary.com/lib/rucke/Doc?id=10040969zAn electronic book accessible through the World Wide Web; click to view c60608d60608